000 00581nam a2200193Ii 4500
003 JO-AjNU
008 230605s9999||||xx |||||||||||||| ||und||
040 _aJO-AjNU
_bara
_erda
_cJO-AjNU
041 _aara
050 1 4 _aBP170.85.B29
100 3 _aد.م,
_eauthor
_938890
245 0 0 _aمجموعة رسائل الإمام الشهيد حسن البنا
264 3 1 _aد.م: دار الشهاب، د.ت
300 _a382ص
336 _atext
_btxt
_2rdacontent
337 _aunmediated
_bn
_2rdamedia
338 _avolume
_bnc
_2rdacarrier
650 4 _aحسن البنا
_938891
999 _aA16379
_c19947
_d19947